000 02161nam a2200385 a 4500
001 000029846
003 DO-SdBNP
005 20241015132719.0
007 000029846
008 110426s2008 dr 000 0 spa d
020 _a9789945427356
040 _aBPMSU
_bspa
_cBPMSU
082 4 _aRD868.4
_bH519o 2008
_222
100 1 _aHenríquez Ureña, Max,
_d1885-1968.
245 1 0 _aObras y apuntes /
_cMax Henríquez Ureña / revisión general José Rafael Lantigua.
260 _aSanto Domingo :
_bPresidencia de la República Dominicana :
_bEdiciones de Cultura,
_c2008-.
300 _a28 v. ;
_c23 cm.
500 _aIncluye índice onomástico
500 _aIncluye bibliografía y notas al pie de las páginas
505 0 _gv. 1
_tDocumentos personales --
_gv. 2
_tEducación --
_gv. 3
_tEducación 2 --
_gv. 4
_tPoesías 1 --
_gv.5
_tPoesías 2 --
_gv.6
_tHistoria política --
_gv. 7
_tLos Yankis en Santo Domingo --
_gv. 8
_tPolítica internacional 1 --
_gv. 9
_tPolítica internacional 2 --
_gv. 10
_tLiteratura no Hispánica 1 --
_gv. 11
_tLiteratura no Hispánica 2 --
_gv.12
_tLiteratura no Hispánica 3 --
_gv. 13
_tMisceláneos --
_gv. 14
_tJosé Martí y temas de la historia de Cuba 1 --
_gv.15
_tJosé Martí y temas de la historia de Cuba 2 --
_gv. 16
_tLetras de América 1 --
_gv. 17
_tLetras de América 2 --
_gv. 18
_tLetras de América 3 --
_gv. 20
_tEscritores juveniles de cuentos --
_gv. 21
_tLiteratura Española --
_gv. 22
_tTeatro 1 --
_gv. 23
_tTeatro 2 --
_gv. 24
_tEpistolario 1 --
_gv. 25
_tEpistolario 2 --
_gv. 26
_tEpistolario 3 --
_gv. 27
_tGramática --
_gv. 28
_tMúsica --
590 _aInventariado, 2024/VM
600 1 4 _aHenríquez Ureña, Max
_d1885-1968
_xColecciones de escritos
600 1 4 _aHenríquez Ureña, Max
_d1885-1968
_xCorrespondencia, memorias, etc.
600 1 4 _aMartí, José
_d1853-1895
650 4 _aLiteratura
_xHistoria y crítica
651 4 _aCuba
_xHistoria
700 1 _aLantigua, José Rafael
910 _aVMateo V. Control de calidad BPMSU
930 1 _l
_m
_8
_f
_p
_g
942 _2ddc
_cBK
956 _a
_b
_c
_l
_h
956 _a
_b
_c
_l
_h
956 _a
_b
_c
_l
_h
956 _aVMATEO
_b10
_c20150811
_lBPMSU
_h00151
999 _c8183
_d8183